Größte Länder Europas im Jahr 1700 - Statistiken

Allgemein
  • Dieses Quiz wurde 7.401 mal gespielt
  • Das Durchschnittsergebnis liegt bei 12 aus 18
Antwortstatistiken
km² Antwort % Korrekt
600.000 Frankreich
94%
4.000.000 Russland
94%
700.000 Spanien
91%
300.000 England (inkludiert Schottland)
85%
700.000 Habsburg Monarchie
84%
500.000 Dänemark-Norwegen
78%
1.000.000 Schweden
78%
90.000 Portugal
76%
100.000 Brandenburg-Preußen
75%
1.000.000 Polen-Litauen
74%
1.500.000 Osmanisches Reich
67%
40.000 Republik der Vereinigten Niederlande
61%
30.000 Baiern
56%
40.000 Schweizerischer Bund
54%
30.000 Sachsen
33%
40.000 Kirchenstaaten
32%
100.000 Venedig
25%
30.000 Herzogtum Savoyen
5%
Keine übereinstimmenden Quizze gefunden
Verteilung der Resultate
Anzahl Personen mit jedem Resultat
Perzentil nach korrekt beantworteten Fragen
Ihre Resultats-Entwicklung
Sie haben dieses Quiz noch nicht gespielt